000
00284nam a2200121Ia 4500
008
190216s9999||||xx |||||||||||||| ||und||
100
_a
Lahiri J
245
0
_a
Selected Poems
260
_b
Lakshmi Narain Agarwal Pub
_c
1998
300
_a
206p
650
_a
English Poetry
942
_c
BK
999
_c
13732
_d
13732